| Tag |
First Indicator |
Second Indicator |
Subfields |
| LEADER |
00000cam a22000001i 4500 |
| 001 |
in00004097656 |
| 006 |
m |o d | |
| 007 |
cr |n||||||||| |
| 008 |
191216s2019 nyua ob 001 0 eng d |
| 005 |
20250816204304.8 |
| 020 |
|
|
|a 9781479815661 (electronic bk.)
|
| 020 |
|
|
|a 1479815667 (electronic bk.)
|
| 020 |
|
|
|z 9781479859351
|
| 020 |
|
|
|z 1479859354
|
| 020 |
|
|
|z 9781479863136
|
| 020 |
|
|
|z 1479863130
|
| 024 |
8 |
|
|a 99982889357
|
| 035 |
|
|
|a (NhCcYBP)ebc5893086
|
| 040 |
|
|
|a NhCcYBP
|c NhCcYBP
|d UtOrBLW
|
| 050 |
|
4 |
|a QL776
|b .M45 2019
|
| 082 |
0 |
4 |
|a 591.59
|2 23
|
| 100 |
1 |
|
|a Meijer, Eva,
|d 1980-
|e author.
|0 http://id.loc.gov/authorities/names/n2014046593
|
| 245 |
1 |
0 |
|a When animals speak :
|b toward an interspecies democracy /
|c Eva Meijer.
|
| 264 |
|
1 |
|a New York :
|b New York University Press,
|c [2019]
|
| 300 |
|
|
|a 1 online resource.
|
| 336 |
|
|
|a text
|b txt
|2 rdacontent
|
| 337 |
|
|
|a computer
|b c
|2 rdamedia
|
| 338 |
|
|
|a online resource
|b cr
|2 rdacarrier
|
| 490 |
1 |
|
|a Animals in context
|
| 504 |
|
|
|a Includes bibliographical references and index.
|
| 505 |
0 |
|
|a Introduction -- Part I. Speaking with animals. 1. The animal, what a word! : human language and non-human animals ; 2. Animal languages ; 3. From animal languages to interspecies worlds ; Case study 1: Stray philosophy : dog-human observations on language, freedom, and politics -- Part II. Political animals and animal politics. 4. Animal politics : justice, power, and political animal agency ; 5. Animals and the state : citizenship, sovereignty, and reformulating politics ; 6. Worm politics ; Case study 2: Goose politics : resistance, deliberation, and the politics of space -- Part III. From animal politics to interspecies change. 7. Animal activism and interspecies change ; 8. Animal democracy and the challenges of political participation ; 9. Deliberating animals : from multispecies dialogues to interspecies deliberation -- Conclusion: Thinking with animals.
|
| 588 |
|
|
|a Description based on print version record.
|
| 500 |
|
|
|a Electronic resource.
|
| 650 |
|
0 |
|a Human-animal communication.
|0 http://id.loc.gov/authorities/subjects/sh85062837
|
| 650 |
|
0 |
|a Animals
|x Social aspects.
|0 http://id.loc.gov/authorities/subjects/sh89005500
|
| 655 |
|
7 |
|a Electronic books.
|2 local
|
| 710 |
2 |
|
|a ProQuest (Firm)
|0 http://id.loc.gov/authorities/names/n2007068018
|
| 776 |
1 |
8 |
|c Original
|z 9781479859351
|z 1479859354
|z 9781479863136
|z 1479863130
|w (DLC) 2019001462
|
| 830 |
|
0 |
|a Animals in context.
|0 http://id.loc.gov/authorities/names/no2020025861
|
| 856 |
4 |
0 |
|u https://ebookcentral.proquest.com/lib/tamucs/detail.action?docID=5893086
|z Connect to the full text of this electronic book
|t 0
|
| 955 |
|
|
|a YBP purchased approval e-records
|
| 980 |
|
|
|b 222.75
|g 1
|
| 987 |
|
|
|a ybp300811687
|
| 999 |
f |
f |
|s cfef2a1b-2f60-3220-b4cf-fbd6af7327af
|i 214c18fe-f06e-31dc-8163-9fa8a02442e7
|t 0
|
| 952 |
f |
f |
|a Texas A&M University
|b College Station
|c Electronic Resources
|d Available Online
|t 0
|e QL776 .M45 2019
|h Library of Congress classification
|
| 998 |
f |
f |
|a QL776 .M45 2019
|t 0
|l Available Online
|